书目信息 |
| 题名: |
法语核心表达法活用手册
|
|
| 作者: | 贾涛 编著 | |
| 分册: | ||
| 出版信息: | 北京 北京语言大学出版社 2006.03 |
|
| 页数: | 194页 | |
| 开本: | 23cm | |
| 丛书名: | ||
| 单 册: | ||
| 中图分类: | H329.9 | |
| 科图分类: | ||
| 主题词: | 法语--fa yu--口语 | |
| 电子资源: | ||
| ISBN: | 7-5619-1527-6 | |
| 000 | 00839nam0 2200217 450 | |
| 001 | 012006257765 | |
| 005 | 20070530094813.46 | |
| 010 | @a7-5619-1527-6@dCNY28.00 | |
| 100 | @a20061228d2006 km y0chiy0120 ea | |
| 101 | 0 | @achi@afre |
| 102 | @aCN@b110000 | |
| 105 | @ay z 000yy | |
| 200 | 1 | @a法语核心表达法活用手册@Afa yu he xin biao da fa huo yong shou ce@f贾涛编著@Fjia tao bian zhu |
| 210 | @a北京@c北京语言大学出版社@d2006.03 | |
| 215 | @a194页@d23cm | |
| 330 | @a本书从原因、结果、目的、让步、条件、比较等十余种表达法入手,针对法语各种表达法的运用作了细致的研究和介绍,并对特别近似、容易混淆的短语和词做了辨析。书中的例句规范、严谨、地道。适用于中级法语学习者和其他法语工作者。 | |
| 606 | 0 | @a法语@Afa yu@x口语 |
| 690 | @aH329.9@v4 | |
| 701 | 0 | @a贾涛@Ajia tao@4编著 |
| 801 | 0 | @aCN@c20070530 |
| 905 | @b234416-18@dH329.9@eJ248 | |
| 法语核心表达法活用手册/贾涛编著.-北京:北京语言大学出版社,2006.03 |
| 194页;23cm |
| ISBN 7-5619-1527-6:CNY28.00 |
| 本书从原因、结果、目的、让步、条件、比较等十余种表达法入手,针对法语各种表达法的运用作了细致的研究和介绍,并对特别近似、容易混淆的短语和词做了辨析。书中的例句规范、严谨、地道。适用于中级法语学习者和其他法语工作者。 |
| ● |
| 相关链接 |
|
|
|
正题名:法语核心表达法活用手册
索取号:H329.9/J248
 
预约/预借
| 序号 | 登录号 | 条形码 | 馆藏地/架位号 | 状态 | 备注 |
| 1 | 234416 | 202344169 | 语言库209/209语言库 117排1列5层/ [索取号:H329.9/J248] | 在馆 | |
| 2 | 234417 | 202344178 | 语言库209/209语言库 117排1列5层/ [索取号:H329.9/J248] | 在馆 | |
| 3 | 234418 | 202344187 | 语言库209/209语言库 117排1列5层/ [索取号:H329.9/J248] | 在馆 |